Billy Joel Lyrics Quiz (Part 04) - Statistics

General Stats
  • This quiz has been taken 197 times
  • The average score is 148 of 272
Answer Stats
Answer % Correct
a
93%
the
88%
you
82%
You
82%
you?
82%
me
70%
when
70%
When
70%
so
67%
So
67%
do
66%
is
66%
it
66%
to
66%
and
64%
And
64%
are
63%
be
61%
for
61%
Why
61%
can
59%
if
58%
on
58%
what
58%
your
58%
in
56%
of
55%
will
55%
don't
52%
that
52%
That
52%
want
52%
time
51%
You're
51%
you're
51%
Or
50%
or
50%
then
50%
it's
49%
It's
49%
tell
49%
But
48%
but
48%
down
48%
get
48%
crazy
47%
just
47%
know
47%
Vienna
47%
Slow
46%
can't
45%
child
45%
got
45%
old
45%
out
45%
waits
45%
about?
44%
all
44%
only
43%
realize
43%
realize...
43%
day
42%
see
42%
still
42%
ambitious
41%
truth
41%
afraid?
40%
juvenile
40%
much
40%
off
40%
right
40%
told
40%
always
39%
doing
39%
fine
39%
life
39%
smart
39%
through
39%
Too
39%
what's
39%
even
38%
halfway
38%
many
38%
before
37%
come
36%
fire
36%
Take
36%
hours
35%
hurry
35%
two
35%
while
35%
better
34%
burn
34%
fools
34%
gonna
34%
need
34%
satisfied?
34%
tonight
34%
Where's
34%
everything
33%
kick
32%
wrong
32%
bad
31%
borderline
31%
cool
31%
Dream
31%
lose
31%
phone
31%
hook
30%
passion
30%
romantic
30%
true
30%
disappear
29%
lead
29%
pride
29%
they'll
29%
afford
28%
ahead
28%
alright
28%
forgot
28%
yourself
28%
imagine
27%
Though
27%
Although
26%
No matching quizzes found
Score Distribution
Percent of People with Each Score
Percentile by Number Answered
Your Score History
You have not taken this quiz